000 00304nam a22001337a 4500
008 181122b xxu||||| |||| 00| 0 eng d
020 _a9780205651719
041 _aeng
080 _211 TH
_a370
100 _a49
101 _aEDU
245 _aThe Litle Brown Handbook
_cAroom.j e
942 _2udc
_cBK
999 _c52313
_d52313